=LDR 00000nam 2200000 4500 =001 INLIS000000000057972 =005 20210708082105 =035 ##$$a 0010-0721000067 =007 ta =008 210708###########################0#ind## =020 ##$$a 979-8125-04-5 =082 ##$$a 200.2 =084 ##$$a 200.2 Ari m =245 1#$$a Menguak Misteri Ajaran Agama-Agama Besar /$c Prof.HM.Arifin,M.Ed. =250 ##$$a Cet.1 =300 ##$$a xii,231 halaman ; $c 21 cm =650 #4$$a Agama =264 ##$$a jakarta :$b Golden Trayon Press,$c 2005 =336 ##$$a teks$2 rdacontent =337 ##$$a lain-lain$2 rdamedia =338 ##$$a lain-lain$2 rdacarrier =990 ##$$a 04570457